00622nam a2200205 i 4500001001100000003000500011005001700016008004100033040002500074082001500099100004400114245006900158250003400227264003100261300002300292336002100315337002500336338002300361650003200384C2-0169486PPAK20180728092654.0980728s1982 my |||| ||||| | may d aPPAKbengcPPAKerda04a338.62 230 aYunit Perancang Ekonomi Kedah, eauthor10aPosition Paper bkajian awalan pelan induk industri negeri Kedah aYunit Perancang Ekonomi Kedah 1aAlor Setar, Kedah : c1982 a43 pages ; c30 cm 2rdacontentatext 2rdamediaaunmediated 2rdacarrieravolume10aKedah - Econimic conditions